000 00415cam a2200169 4500
008 090401t1986 xxu||||| |||| 00| 0 eng d
020 _a0105463868
035 _a(Sirsi) u28619
041 _aeng
110 _aUnited Kingdom
_kLaws, etc
_95044
245 _aHousing and Planning Act 1986.
260 _aLondon
_bHMSO
_c1986
300 _aiv,224p. ; 25cm.
350 _a10.8
942 _n0
948 _c04/03/1997
999 _c89306
_d89306